Children's Books A-Z - Statistics

General Stats
  • This quiz has been taken 87 times
  • The average score is 6 of 25
Answer Stats
Hint Answer % Correct
C A girl, a pig, and a spider Charlotte's Web
99%
D Published in 2007, Jeff Kinney book that started a series Diary of a Wimpy Kid
47%
B An elephant story Babar
44%
G Bedtime classic Goodnight Moon
44%
U Hans Christian Anderson tale of beauty The Ugly Duckling
44%
M Lived twelve little girls in two straight lines ... Madeline
42%
K Classic adventure novel written by Robert Louis Stevenson Kidnapped
39%
W Max gets sent to bed with no supper. Where the Wild Things Are
36%
H Along with his crayon, he brings things to life. Harold and the Purple Crayon
33%
L Classic with many, many versions in film Little Women
26%
R First in a series of fantasy books by Brian Jacques. The title is shared by the book's main location, the Abbey. Redwall
21%
A Hunt and seek for a female parent Are You My Mother?
19%
Q What do you get when Quentin the duck loses his A, Kes Gray tells us in this book, Quick ________ Quentin Quack
19%
I Laura Numeroff, a book about consequences If You Give a Mouse a Cookie
18%
Y It only comes once per year - no matter how silly the request, there's only one answer. Yes Day
17%
F Suess classic about eating Fox in Socks
13%
J This happy fellow delivers the mail The Jolly Postman
13%
N A cozy bed piled high with a snoring granny, a dreaming child, a dozing dog, etc. The Napping House
13%
P Robert Munsch tale of a do-it-for-yourself princess The Paper Bag Princess
13%
Z A cute rhyming book by Dan Yaccarino about a little boy who does this to the moon Zoom Zoom Zoom! I'm Off to the Moon
13%
S Even without words this picture book tells a great story of a boy and the Snowman
11%
T Jon Scieszka tells us the real story between a popular fairy tale (*Hint: it includes a wolf) The True Story of the 3 Little Pigs
8%
O These babes wake during the night missing their mom Owl Babies
6%
E Leo Linonni book hatches an incident of mistaken identity An Extraordinary Egg
1%
V A book about eating, growing, and changing The Very Hungry Catepillar
1%
No matching quizzes found
Score Distribution
Percent of People with Each Score
Percentile by Number Answered
Your Score History
You have not taken this quiz